Ana-Ladder-Gram Chain Game Quiz Stats

Quiz Updated Mar 28, 2016

Also try: Chutes and Ladders
Challenge
Share
Tweet
Embed
Score 0/170 Timer 08:00
9 Plays Today
% Correct
--mini map in a map--
95.5%
--pub drink--
94.1%
--look intently--
93.5%
--intelligent--
93.4%
--begin/initiate--
93%
███████████████████████
93%
███████████████████████
93%
--wooden vampire killer--
93%
███████████████████████
93%
███████████████████████
93%
███████████████████████
93%
███████████████████████
93%
███████████████████████
93%
███████████████████████
93%
███████████████████████
93%
███████████████████████
93%
███████████████████████
93%
███████████████████████
93%
███████████████████████
93%
███████████████████████
93%
███████████████████████
93%
███████████████████████
93%
███████████████████████
93%
███████████████████████
93%
███████████████████████
93%
███████████████████████
93%
███████████████████████
93%
███████████████████████
93%
███████████████████████
93%
███████████████████████
93%
███████████████████████
93%
███████████████████████
93%
███████████████████████
93%
███████████████████████
93%
███████████████████████
93%
███████████████████████
93%
███████████████████████
93%
███████████████████████
93%
███████████████████████
93%
███████████████████████
93%
███████████████████████
93%
███████████████████████
93%
███████████████████████
93%
███████████████████████
93%
███████████████████████
93%
███████████████████████
93%
███████████████████████
93%
███████████████████████
93%
███████████████████████
93%
███████████████████████
93%
███████████████████████
93%
███████████████████████
93%
███████████████████████
93%
███████████████████████
93%
███████████████████████
93%
███████████████████████
93%
███████████████████████
93%
% Correct
███████████████████████
93%
███████████████████████
93%
███████████████████████
93%
███████████████████████
93%
███████████████████████
93%
███████████████████████
93%
███████████████████████
93%
███████████████████████
93%
███████████████████████
93%
███████████████████████
93%
███████████████████████
93%
███████████████████████
93%
███████████████████████
93%
███████████████████████
93%
███████████████████████
93%
███████████████████████
93%
███████████████████████
93%
███████████████████████
93%
███████████████████████
93%
START
92.2%
--fees for service--
91.4%
--rips--
91.2%
STARE
91.1%
--streetcars--
89.8%
--retail centers--
89.8%
SMART
89.4%
--satisfy/satiate--
86.5%
--gets an earful--
86.3%
TEARS
85.8%
--bread past its prime--
82.3%
STAKE
81.5%
--stories--
80.5%
--minimum--
80.2%
STALE
80.2%
--flat floaters--
78.6%
--cock and bull--
78.4%
--passes gas--
78.3%
TALES
78.3%
MARTS
77.9%
--divide equally--
77.9%
FARTS
77.8%
--copulates--
77.1%
--shirts and skins, eg.--
76.3%
HEARS
76%
TRAMS
75.1%
--startle--
74.1%
RATES
73.4%
SHARE
72.5%
--jumped/bounded--
72.1%
LEAST
71.9%
--climb--
71.7%
SCARE
70.3%
--carries on angrily--
69.8%
--water vapour--
69.5%
--domesticates--
68.6%
--shoe strings--
68.5%
RAFTS
67.9%
% Correct
--river reservoirs--
67.9%
TEAMS
67.6%
--cut of beef--
67.3%
--talk--
67.1%
SCALE
66.7%
LACES
66.5%
STEAM
66.2%
MATES
65%
LAKES
64%
--seeps--
64%
STEAK
63.7%
--flower feature--
63.5%
LEAPT
63.3%
--summits--
62.9%
--stout vessel--
61.8%
PEAKS
61%
--doesn't own--
61%
--shock jock Howard--
61%
--weighty books--
60.1%
RANTS
60%
--postembryonic--
59.7%
SPEAK
59.7%
TAMES
59.5%
PETAL
59.5%
RENTS
59.2%
LEAKS
58.9%
--wild--
58.8%
STERN
56.6%
--distress signal--
55.8%
FETAL
55.5%
--runner's numbers--
55.2%
--casual evenings (US)--
55.2%
SLAKE
54.9%
TOMES
52.5%
FERAL
52%
--blinding light--
50.5%
--pesky arachnids--
49.7%
--Brazilian town--
49.4%
MITES
47.1%
TIMES
46.5%
--supersized--
46.5%
--barracks boss--
45.8%
LAGER
45.2%
LARGE
45.1%
FLARE
45.1%
STEIN
44.8%
NITES
44.7%
GLARE
43.8%
INSET
42.7%
--fits of wrath--
42.3%
SARGE
41.9%
RAGES
40.4%
--disables--
38.5%
MALES
37.6%
LAMES
32.4%
LAGES
23.3%

You're not logged in!

Compare scores with friends on all Sporcle quizzes.
Join for Free
OR
Log In

You Might Also Like...

Show Comments

Extras

Top Quizzes Today


Score Distribution

Your Account Isn't Verified!

In order to create a playlist on Sporcle, you need to verify the email address you used during registration. Go to your Sporcle Settings to finish the process.

Report this User

Report this user for behavior that violates our Community Guidelines.

Details: